[Event "Reunion op 17th"]
[Site "St Denis"]
[Date "2015.10.10"]
[Round "1"]
[White "Leonardy, Baptiste"]
[Black "Cochard, Franck Olivier"]
[Result "0-1"]
[WhiteElo "1140"]
[BlackElo "1646"]
[PlyCount "120"]
[EventDate "2015.10.10"]
[EventType "swiss"]
[EventRounds "9"]
[EventCountry "RUF"]
[SourceTitle "CBM 168 Extra"]
[Source "ChessBase"]
[SourceDate "2015.10.29"]
[SourceVersion "1"]
[SourceVersionDate "2015.10.29"]
[SourceQuality "1"]

1. e4 d5 2. exd5 Nf6 3. d4 Bg4 4. f3 Bf5 5. Bd3 Bxd3 6. Qxd3 Qxd5 7. c4 Qd7 8. Ne2 e6 9. a3 c5 10. Nbc3 Be7 11. 0-0 0-0 12. Re1 Nc6 13. Be3 cxd4 14. Bxd4 e5 15. Rad1 exd4 16. Nxd4 Nxd4 17. Qxd4 Qxd4+ 18. Rxd4 Bc5 19. Ne2 Rfe8 20. Kf1 Bxd4 21. Nxd4 Rxe1+ 22. Kxe1 Nh5 23. g3 Re8+ 24. Kf2 Rd8 25. Nf5 Rd2+ 26. Ke3 Rxb2 27. Nd4 Rxh2 28. g4 Nf6 29. Kd3 Ra2 30. Nc2 Rb2 31. Kc3 Rb1 32. c5 Nd7 33. Kc4 Nxc5 34. Kc3 b6 35. Kd2 Rb2 36. Kc1 Rxc2+ 37. Kxc2 g6 38. Kc3 h5 39. Kd2 Kg7 40. Ke3 Kf6 41. Kf2 hxg4 42. fxg4 Kg5 43. Kg3 a5 44. Kf3 b5 45. Ke3 b4 46. axb4 axb4 47. Kd2 Kxg4 48. Kc2 b3+ 49. Kb2 f5 50. Kc3 f4 51. Kd2 f3 52. Kc3 f2 53. Kc4 f1Q+ 54. Kxc5 b2 55. Kd5 b1Q 56. Kd4 Qfd3+ 57. Ke5 Qe1+ 58. Kf6 Qf5+ 59. Kg7 Qe7+ 60. Kh6 Qh5# 0-1

[Event "Reunion op 16th"]
[Site "St Denis"]
[Date "2014.10.22"]
[Round "5"]
[White "Rajaonson, Andriamahenina"]
[Black "Cochard, Franck Olivier"]
[Result "1-0"]
[WhiteElo "1864"]
[BlackElo "1655"]
[PlyCount "63"]
[EventDate "2014.10.18"]
[EventType "swiss"]
[EventRounds "9"]
[EventCountry "RUF"]
[SourceTitle "EXT 2015"]
[Source "ChessBase"]
[SourceDate "2014.11.20"]
[SourceVersion "1"]
[SourceVersionDate "2014.11.20"]
[SourceQuality "1"]

1. e4 d5 2. exd5 Nf6 3. d4 Bg4 4. Qd3 Nxd5 5. Qb5+ Nc6 6. c3 Rb8 7. h3 a6 8. Qd3 Bh5 9. Nf3 e6 10. Be2 Bd6 11. 0-0 0-0 12. Re1 Re8 13. Na3 e5 14. Qd1 exd4 15. Nxd4 Bxe2 16. Nxe2 Bc5 17. Nc2 Qf6 18. Ned4 Rxe1+ 19. Qxe1 Nxd4 20. Nxd4 Bxd4 21. cxd4 Qxd4 22. Rb1 Nf6 23. Be3 Qd5 24. a3 c5 25. Rc1 c4 26. Rd1 Qe5 27. Qd2 b5 28. Bf4 Ne4 29. Qd8+ Qe8 30. Bxb8 Kf8 31. Qxe8+ Kxe8 32. Re1 1-0

[Event "Reunion op 15th"]
[Site "St Denis"]
[Date "2013.10.18"]
[Round "8"]
[White "Cochard, Franck Olivier"]
[Black "Labrande, Eleonore"]
[Result "1-0"]
[WhiteElo "1577"]
[BlackElo "1160"]
[PlyCount "105"]
[EventDate "2013.10.12"]
[EventType "swiss"]
[EventRounds "9"]
[EventCountry "RUF"]
[SourceTitle "EXT 2014"]
[Source "ChessBase"]
[SourceDate "2013.11.20"]
[SourceVersion "1"]
[SourceVersionDate "2013.11.20"]
[SourceQuality "1"]

1. Nf3 d5 2. c4 dxc4 3. e3 Be6 4. Ng5 Nf6 5. Nxe6 fxe6 6. Bxc4 e5 7. Qb3 Qd6 8. Bf7+ Kd8 9. Qxb7 Qc6 10. Qxc6 Nxc6 11. 0-0 Nb4 12. Nc3 Rb8 13. Bc4 Ne8 14. a3 Nc6 15. Rd1 Nd6 16. Bd5 Na5 17. b4 Nac4 18. d4 exd4 19. Bxc4 Nxc4 20. Rxd4+ Nd6 21. e4 Kc8 22. Bf4 g6 23. Be5 Rg8 24. Rc1 Bg7 25. Bxg7 Rxg7 26. e5 Nb5 27. Nxb5 Rxb5 28. e6 Rg8 29. Rd7 Rb7 30. Rxe7 h5 31. Rf7 Re8 32. Rd1 c6 33. Rxb7 Kxb7 34. Rd7+ Kb6 35. e7 c5 36. bxc5+ Kxc5 37. Rxa7 Kb6 38. Rd7 Kc6 39. Rd3 Rxe7 40. Re3 Rd7 41. g3 Ra7 42. Re6+ Kd5 43. Rxg6 Rxa3 44. Rg5+ Ke4 45. Rxh5 Kf3 46. Rf5+ Kg4 47. Rf4+ Kg5 48. h4+ Kg6 49. Kg2 Ra5 50. Kh3 Ra3 51. f3 Ra5 52. Kg4 Rh5 53. Rf6+ 1-0

[Event "Reunion op 13th"]
[Site "St Denis"]
[Date "2011.10.02"]
[Round "3"]
[White "Rivolo, Jean Guillaume"]
[Black "Cochard, Franck Olivier"]
[Result "0-1"]
[WhiteElo "1463"]
[BlackElo "1553"]
[PlyCount "120"]
[EventDate "2011.10.01"]
[EventType "swiss"]
[EventRounds "9"]
[EventCountry "RUF"]
[SourceTitle "EXT 2012"]
[Source "ChessBase"]
[SourceDate "2011.11.24"]
[SourceVersion "1"]
[SourceVersionDate "2011.11.24"]
[SourceQuality "1"]

1. d4 c5 2. dxc5 e6 3. Nf3 Bxc5 4. Nc3 Nf6 5. Bd2 0-0 6. e3 Nc6 7. Be2 d5 8. Bc1 Re8 9. b3 Bb4 10. Bb2 Ne4 11. Qd3 Qa5 12. 0-0 Bxc3 13. Bxc3 Qxc3 14. Qd1 Nb4 15. Nd4 Bd7 16. a3 Nc6 17. Nb5 Qa5 18. b4 Qb6 19. c4 a6 20. c5 Qd8 21. Nd4 Nxd4 22. Qxd4 Qf6 23. Qd3 Bb5 24. Qc2 Bxe2 25. Qxe2 Rac8 26. Rac1 Rc6 27. Qe1 Qb2 28. f3 Nf6 29. Ra1 Rec8 30. Rf2 Qb3 31. Rd2 Qc3 32. Raa2 b6 33. cxb6 Rxb6 34. Rac2 Qxc2 35. Rxc2 Rxc2 36. Qd1 Rc8 37. Qa4 Rbc6 38. Qa5 Rc1+ 39. Kf2 R8c2+ 40. Kg3 h6 41. Qxa6 Nh5+ 42. Kh3 Rg1 43. g3 Rgg2 44. Kg4 g6 45. Qa8+ Kg7 46. Qa7 Rxh2 47. Qd4+ Nf6+ 48. Kf4 Rc4 49. b5 Rxd4+ 50. exd4 g5+ 51. Ke3 Rb2 52. f4 Rxb5 53. fxg5 Rb3+ 54. Kf4 hxg5+ 55. Kxg5 Ne4+ 56. Kf4 Rxa3 57. g4 Ra4 58. g5 Ng3 59. g6 Rxd4+ 60. Kg5 f6# 0-1

[Event "Reunion op 12th"]
[Site "St Denis"]
[Date "2010.10.14"]
[Round "6"]
[White "Cochard, Franck Olivier"]
[Black "Seegolam, Atmaram"]
[Result "0-1"]
[WhiteElo "1290"]
[BlackElo "1851"]
[PlyCount "60"]
[EventDate "2010.10.09"]
[EventType "swiss"]
[EventRounds "9"]
[EventCountry "RUF"]
[SourceTitle "CBM 138 Extra"]
[Source "ChessBase"]
[SourceDate "2010.10.29"]
[SourceVersion "1"]
[SourceVersionDate "2010.10.29"]
[SourceQuality "1"]

1. c4 Nf6 2. d4 e6 3. a3 Be7 4. Nc3 0-0 5. Nf3 d6 6. Bg5 c6 7. e3 Qc7 8. Bd3 h6 9. Bf4 Nh5 10. Ne2 Nxf4 11. Nxf4 Nd7 12. h4 e5 13. Ng6 fxg6 14. Bxg6 exd4 15. Nxd4 Ne5 16. Qc2 Nxg6 17. Qxg6 Rf6 18. Qe8+ Kh7 19. g4 Rb8 20. g5 Bg4 21. g6+ Rxg6 22. Qf7 Rf8 23. Qxg6+ Kxg6 24. Rg1 Kh5 25. f3 Bxh4+ 26. Kd2 Rxf3 27. Nxf3 Bxf3 28. Raf1 Be4 29. Rf4 d5 30. Rgg4 Bg5 0-1

[Event "Reunion op 12th"]
[Site "St Denis"]
[Date "2010.10.10"]
[Round "3"]
[White "Anacoya, Antoine"]
[Black "Cochard, Franck Olivier"]
[Result "0-1"]
[WhiteElo "1099"]
[BlackElo "1290"]
[PlyCount "84"]
[EventDate "2010.10.09"]
[EventType "swiss"]
[EventRounds "9"]
[EventCountry "RUF"]
[SourceTitle "CBM 138 Extra"]
[Source "ChessBase"]
[SourceDate "2010.10.29"]
[SourceVersion "1"]
[SourceVersionDate "2010.10.29"]
[SourceQuality "1"]

1. e4 e6 2. Nf3 d5 3. Ng5 Qxg5 4. d3 Qe5 5. f3 Bc5 6. Be2 Qd4 7. a3 Qf2+ 8. Kd2 d4 9. Rf1 Qe3+ 10. Ke1 Qh6 11. b4 Qxh2 12. bxc5 b6 13. Bg5 Qxg2 14. Bh4 Ba6 15. cxb6 axb6 16. a4 c6 17. a5 Bb5 18. Na3 Rxa5 19. Nxb5 cxb5 20. Rxa5 bxa5 21. Qb1 b4 22. Qa1 Nc6 23. e5 Nh6 24. Rf2 Qg1+ 25. Rf1 Qh2 26. Bg5 Nf5 27. Qa4 Qg3+ 28. Rf2 0-0 29. Qxc6 Qxg5 30. f4 Qd8 31. Rh2 Qa8 32. Qxa8 Rxa8 33. Bf3 Ra7 34. c3 dxc3 35. Be4 b3 36. Kd1 a4 37. Kc1 a3 38. d4 a2 39. Rh5 a1Q+ 40. Bb1 c2 41. Rh2 cxb1Q+ 42. Kd2 Qc2# 0-1